[Event "Bremen-ch"]
[Site "Bremen"]
[Date "2019.04.19"]
[Round "8.20"]
[White "Bakiyev, Diyar"]
[Black "Wuttke, Manfred"]
[Result "1/2-1/2"]
[WhiteElo "1491"]
[BlackElo "1643"]
[PlyCount "151"]
[EventDate "2019.04.13"]
[EventType "swiss"]
[EventRounds "9"]
[EventCountry "GER"]
[SourceTitle "EXT 2020"]
[Source "ChessBase"]
[SourceDate "2019.10.17"]
[SourceVersion "1"]
[SourceVersionDate "2019.10.17"]
[SourceQuality "1"]

1. e4 d6 2. Bc4 Nf6 3. Nc3 g6 4. Nf3 Bg7 5. 0-0 0-0 6. d4 Nxe4 7. Nxe4 d5 8. Bd3 dxe4 9. Bxe4 Nd7 10. Re1 Nf6 11. Bg5 c6 12. c3 Qc7 13. Bh4 Nxe4 14. Rxe4 e6 15. Qd2 b6 16. Ne5 Bb7 17. Bg3 Qe7 18. Re2 Rad8 19. Nc4 c5 20. Be5 cxd4 21. Bxg7 Kxg7 22. cxd4 Qf6 23. Rd1 Rd7 24. Ne3 Rfd8 25. Nc2 Rd5 26. Qc3 Rg5 27. Ne3 Bf3 28. Red2 Bxd1 29. Rxd1 h5 30. h3 Kh6 31. b4 Qf3 32. Qc7 Rxg2+ 33. Nxg2 Qxd1+ 34. Kh2 Qxd4 35. Qxf7 Rd7 36. Qf8+ Qg7 37. Qb8 Rc7 38. Qe8 Re7 39. Qb8 e5 40. Qd6 Qf7 41. a4 Re6 42. Qd8 Qxf2 43. Qh8+ Kg5 44. h4+ Kg4 45. Qc8 Qg3+ 46. Kg1 Kf5 47. Qf8+ Kg4 48. Qc8 Qb3 49. Qc1 Qd3 50. Qc8 Qd6 51. Qc1 Qd4+ 52. Kh2 Kf3 53. Qf1+ Ke4 54. Qe2+ Kd5 55. Qf3+ Kd6 56. Qf8+ Kd7 57. Qb8 Qd6 58. Qxa7+ Qc7 59. Qa8 e4+ 60. Kh1 e3 61. Qd5+ Ke7 62. Qg5+ Ke8 63. Qb5+ Qc6 64. Qxc6+ Rxc6 65. Nxe3 Re6 66. Nd5 Kd7 67. b5 Rd6 68. Nf4 Ke7 69. Kg2 Kd7 70. Kf3 Rf6 71. Ke4 Kd6 72. Nd5 Re6+ 73. Kd4 Kd7 74. Nf4 Rd6+ 75. Ke5 Ke7 76. Nd5+ 1/2-1/2

[Event "Bremen-ch"]
[Site "Bremen"]
[Date "2019.04.16"]
[Round "5.23"]
[White "Kazmierski, Falk"]
[Black "Bakiyev, Diyar"]
[Result "1-0"]
[WhiteElo "1499"]
[BlackElo "1491"]
[PlyCount "55"]
[EventDate "2019.04.13"]
[EventType "swiss"]
[EventRounds "9"]
[EventCountry "GER"]
[SourceTitle "EXT 2020"]
[Source "ChessBase"]
[SourceDate "2019.10.17"]
[SourceVersion "1"]
[SourceVersionDate "2019.10.17"]
[SourceQuality "1"]

1. d4 d5 2. Nf3 Nf6 3. e3 e6 4. Bd3 Bd7 5. Nbd2 c5 6. c3 c4 7. Bc2 Bd6 8. Qe2 0-0 9. 0-0 Qc7 10. e4 Bf4 11. e5 Ne8 12. g3 Bh6 13. h4 f6 14. Nh2 fxe5 15. dxe5 Nc6 16. Ndf3 Bxc1 17. Raxc1 g6 18. Rfe1 Ng7 19. Ng4 Nh5 20. Ng5 Be8 21. Nxe6 Qe7 22. Nxf8 Qxf8 23. e6 Qe7 24. Nh6+ Kh8 25. Ba4 Qg7 26. Bxc6 bxc6 27. Qe5 Nf6 28. g4 1-0

[Event "Bremen Silvester op"]
[Site "Bremen"]
[Date "2018.12.30"]
[Round "7"]
[White "Bakiyev, Diyar"]
[Black "Nordhorn, Horst"]
[Result "0-1"]
[WhiteElo "1666"]
[BlackElo "1735"]
[PlyCount "132"]
[EventDate "2018.12.27"]
[EventType "swiss"]
[EventRounds "7"]
[EventCountry "GER"]
[SourceTitle "CBM 188 Extra"]
[Source "ChessBase"]
[SourceDate "2019.02.26"]
[SourceVersion "1"]
[SourceVersionDate "2019.02.26"]
[SourceQuality "1"]

1. e4 a6 2. d4 b5 3. Bf4 Bb7 4. Bd3 e6 5. Nd2 c5 6. Ngf3 c4 7. Be2 Nf6 8. e5 Nd5 9. Bg5 Qa5 10. 0-0 c3 11. bxc3 Nxc3 12. Nb3 Qc7 13. Qe1 Ne4 14. Bd3 Nxg5 15. Nxg5 h6 16. Ne4 Bd5 17. Qe2 Nc6 18. c3 d6 19. exd6 Bxd6 20. Nxd6+ Qxd6 21. Nc5 0-0 22. c4 Nxd4 23. Qe3 Qxc5 24. cxd5 exd5 25. Rac1 Qa7 26. Qe5 Rad8 27. Rc7 Qb6 28. Rfc1 Rfe8 29. Qf4 Qf6 30. Qg4 Qe5 31. h3 Ne2+ 32. Bxe2 Qxe2 33. Qf4 Re7 34. Qh4 f6 35. R7c2 Qe4 36. Qg3 d4 37. Qb3+ Kh7 38. Rd2 d3 39. Rcd1 Red7 40. Qa3 Rd6 41. Kf1 b4 42. Qb3 a5 43. Re1 Qd5 44. Qb1 Rc6 45. Red1 Rc3 46. Qb2 Qc4 47. Qb1 Rc2 48. Qb3 Qxb3 49. axb3 Rc3 50. Rb1 Kg6 51. f3 Kf5 52. Kf2 Ke5 53. Ke3 f5 54. f4+ Ke6 55. g3 g5 56. g4 fxg4 57. hxg4 gxf4+ 58. Kxf4 Kd5 59. Ra2 Kd4 60. Rxa5 Rf8+ 61. Rf5 Re8 62. Rf6 Re4+ 63. Kf3 d2+ 64. Kf2 Rc1 65. Kf3 Kd3 66. Rb2 Rf1+ 0-1

[Event "Bremen-ch op"]
[Site "Bremen"]
[Date "2018.03.25"]
[Round "3"]
[White "Bergmann, Reinhold"]
[Black "Bakiyev, Diyar"]
[Result "1-0"]
[WhiteElo "1786"]
[BlackElo "1619"]
[PlyCount "59"]
[EventDate "2018.03.24"]
[EventType "swiss"]
[EventRounds "9"]
[EventCountry "GER"]
[SourceTitle "EXT 2019"]
[Source "ChessBase"]
[SourceDate "2018.10.10"]
[SourceVersion "1"]
[SourceVersionDate "2018.10.10"]
[SourceQuality "1"]

1. e4 e5 2. Nf3 Nc6 3. Bb5 Nge7 4. 0-0 d6 5. c3 a6 6. Ba4 b5 7. Bc2 Bg4 8. h3 Bh5 9. d4 Bxf3 10. gxf3 Ng6 11. d5 Nb8 12. Kg2 Be7 13. Rg1 Bg5 14. Nd2 Qd7 15. Nf1 Bxc1 16. Rxc1 Nf4+ 17. Kh1 Nxh3 18. Rg2 h5 19. Qd2 g5 20. Ng3 g4 21. Bd1 h4 22. Nf5 gxf3 23. Bxf3 Nf4 24. Rg7 Kf8 25. Rcg1 a5 26. Kh2 Na6 27. R1g4 Nc5 28. Qd1 Ncd3 29. Qg1 Ng6 30. R4xg6 1-0

[Event "GER-ch U10"]
[Site "Willingen"]
[Date "2016.05.17"]
[Round "5.24"]
[White "Bakiyev, Diyar"]
[Black "Amrhein, Dennis"]
[Result "1-0"]
[WhiteElo "1027"]
[BlackElo "1132"]
[PlyCount "127"]
[EventDate "2016.05.15"]
[EventType "swiss"]
[EventRounds "11"]
[EventCountry "GER"]
[SourceTitle "CBM 172 Extra"]
[Source "ChessBase"]
[SourceDate "2016.06.21"]
[SourceVersion "1"]
[SourceVersionDate "2016.06.21"]
[SourceQuality "1"]

1. e4 d5 2. exd5 Qxd5 3. Nc3 Qa5 4. d3 c6 5. Nf3 Bg4 6. Bd2 e6 7. a3 Qc7 8. Be2 Nf6 9. 0-0 Bd6 10. h3 Bxf3 11. Bxf3 0-0 12. Bg5 Nbd7 13. Ne4 Nxe4 14. Bxe4 h6 15. Be3 Rfd8 16. Qg4 Nf6 17. Qf3 Nxe4 18. Qxe4 Be5 19. d4 Bf6 20. c3 Rd7 21. Qg4 Kh8 22. Qg3 Qb6 23. Rab1 Qb5 24. Qf3 Rad8 25. Bxh6 e5 26. dxe5 Bxe5 27. Bg5 Rf8 28. Qg4 Rd5 29. c4 Bh2+ 30. Kxh2 Rxg5 31. cxb5 Rxg4 32. hxg4 cxb5 33. Kg3 Kg8 34. Rh1 f6 35. Rbc1 Rb8 36. Rhd1 a5 37. Rc7 b6 38. Rdd7 g5 39. Rb7 Ra8 40. Rxb6 b4 41. Rdb7 Kh8 42. Rb8+ Rxb8 43. Rxb8+ Kg7 44. axb4 axb4 45. Rxb4 Kf7 46. f4 gxf4+ 47. Kxf4 Ke6 48. g5 fxg5+ 49. Kxg5 Kd6 50. Rb5 Kc6 51. Rf5 Kd6 52. Kf4 Ke6 53. g4 Kd6 54. g5 Ke6 55. Ke4 Kd6 56. b4 Ke6 57. Rf6+ Ke7 58. Ke5 Kd7 59. b5 Ke7 60. g6 Kd7 61. b6 Ke7 62. Rf7+ Ke8 63. Kd6 Kd8 64. Rf8# 1-0

[Event "GER-ch U10"]
[Site "Willingen"]
[Date "2016.05.16"]
[Round "4.27"]
[White "Poschadel, Andreas Gregor"]
[Black "Bakiyev, Diyar"]
[Result "0-1"]
[WhiteElo "1179"]
[BlackElo "1027"]
[PlyCount "142"]
[EventDate "2016.05.15"]
[EventType "swiss"]
[EventRounds "11"]
[EventCountry "GER"]
[SourceTitle "CBM 172 Extra"]
[Source "ChessBase"]
[SourceDate "2016.06.21"]
[SourceVersion "1"]
[SourceVersionDate "2016.06.21"]
[SourceQuality "1"]

1. e4 e5 2. Nf3 Nc6 3. Bc4 Nf6 4. d3 h6 5. 0-0 Bc5 6. Nc3 d6 7. Be3 Bb6 8. h3 Be6 9. Bb3 0-0 10. Qd2 Bxe3 11. fxe3 d5 12. exd5 Nxd5 13. Nxd5 Bxd5 14. e4 Bxb3 15. axb3 Nd4 16. Nxe5 Nxb3 17. cxb3 Qd4+ 18. Kh1 Qxe5 19. Rf5 Qe6 20. Qc3 c6 21. Raf1 b6 22. R1f3 c5 23. Rg3 g6 24. Rf6 Qe7 25. Rff3 Qd6 26. Qd2 h5 27. Qh6 Qe5 28. Rg5 Qxb2 29. Rxh5 Qg7 30. Qxg7+ Kxg7 31. Rg5 f6 32. Rgg3 b5 33. Rf1 a5 34. Ra1 Rf7 35. Rf3 a4 36. bxa4 Rxa4 37. Rxa4 bxa4 38. Rf1 Rd7 39. Ra1 Rd4 40. Kg1 Kf7 41. Kf1 Ke6 42. Ke2 Kd6 43. Kd2 Ke6 44. Ke3 Ke5 45. g3 c4 46. Rxa4 Rxd3+ 47. Ke2 Rd4 48. g4 Kxe4 49. Rb4 c3 50. Rb1 Rd2+ 51. Ke1 Kd3 52. Rb8 Rh2 53. Rd8+ Kc2 54. g5 f5 55. Kf1 Rxh3 56. Kg2 Rd3 57. Ra8 Kd2 58. Ra2+ c2 59. Kf2 Kd1 60. Ra1+ c1Q 61. Rxc1+ Kxc1 62. Ke2 Kc2 63. Kf2 Kc3 64. Ke2 Kd4 65. Kf2 Ke4 66. Ke2 f4 67. Kf2 Rd2+ 68. Kf1 Ke3 69. Kg1 Kf3 70. Kh1 Kg3 71. Kg1 Rd1# 0-1

[Event "GER-ch U10"]
[Site "Willingen"]
[Date "2016.05.15"]
[Round "1.23"]
[White "Bakiyev, Diyar"]
[Black "Nitsche, Nikolai"]
[Result "0-1"]
[WhiteElo "1027"]
[BlackElo "1371"]
[PlyCount "112"]
[EventDate "2016.05.15"]
[EventType "swiss"]
[EventRounds "11"]
[EventCountry "GER"]
[SourceTitle "CBM 172 Extra"]
[Source "ChessBase"]
[SourceDate "2016.06.21"]
[SourceVersion "1"]
[SourceVersionDate "2016.06.21"]
[SourceQuality "1"]

1. e4 c5 2. Nf3 Nc6 3. Bb5 d5 4. exd5 Qxd5 5. Bxc6+ Qxc6 6. d4 e6 7. 0-0 Be7 8. Be3 Nf6 9. Nc3 0-0 10. Qd3 Rd8 11. Ng5 b6 12. Nf3 Bb7 13. Rad1 cxd4 14. Bxd4 e5 15. Qb5 Qxb5 16. Nxb5 Bxf3 17. gxf3 exd4 18. Nxd4 Bc5 19. Nc6 Rxd1 20. Rxd1 a5 21. a3 Re8 22. b4 axb4 23. axb4 Bf8 24. Kf1 g6 25. Nd8 Bxb4 26. Rb1 Rxd8 27. Rxb4 Rd6 28. Kg2 Nd5 29. Rb5 Kf8 30. c4 Nf6 31. h3 Nd7 32. Kg3 Ke7 33. f4 f5 34. f3 Ke6 35. Kh4 h6 36. Kg3 Rc6 37. Rb4 Nc5 38. h4 Kf6 39. Kg2 g5 40. fxg5+ hxg5 41. hxg5+ Kxg5 42. Kg3 f4+ 43. Kh3 Rh6+ 44. Kg2 Rg6 45. Kf2 Nd3+ 46. Ke2 Nxb4 47. Kf2 Rc6 48. Kg2 Rxc4 49. Kh3 b5 50. Kh2 Nd3 51. Kh3 b4 52. Kg2 b3 53. Kh2 b2 54. Kh3 b1Q 55. Kg2 Rc2+ 56. Kh3 Qh1# 0-1

[Event "GER-chT U10"]
[Site "Magdeburg"]
[Date "2014.12.29"]
[Round "6.4"]
[White "Bakiyev, Diyar"]
[Black "Grueninger, Nils"]
[Result "0-1"]
[WhiteElo "795"]
[BlackElo "848"]
[PlyCount "42"]
[EventDate "2014.12.27"]
[EventType "team-swiss"]
[EventRounds "7"]
[EventCountry "GER"]
[SourceTitle "EXT 2016"]
[Source "ChessBase"]
[SourceDate "2015.10.08"]
[SourceVersion "1"]
[SourceVersionDate "2015.10.08"]
[SourceQuality "1"]
[WhiteTeam "Bremen Ost"]
[BlackTeam "Erlangen"]
[WhiteTeamCountry "GER"]
[BlackTeamCountry "GER"]

1. e4 e5 2. Nf3 Nc6 3. Bc4 Nf6 4. Nc3 Bc5 5. d3 0-0 6. Bg5 d6 7. 0-0 Bg4 8. Nd5 Nd4 9. Nxf6+ gxf6 10. Bh6 Re8 11. Qd2 Bxf3 12. gxf3 Nxf3+ 13. Kg2 Nxd2 14. Rfe1 Nxc4 15. dxc4 Re6 16. b4 f5 17. Bd2 Rg6+ 18. Kf1 Bb6 19. exf5 Qh4 20. Re2 Qxh2 21. fxg6 Qh1# 0-1